| 000 | 01224nam a2200289 i 4500 | ||
|---|---|---|---|
| 003 | EG-ScBUE | ||
| 005 | 20231115104111.0 | ||
| 008 | 110725s1986 i f b 000 0 ara d | ||
| 040 |
_aEG-ScBUE _bara _erda _cEG-ScBUE _dEG-ScBUE |
||
| 043 | _aa-iq--- | ||
| 082 | 0 | 4 |
_222 _a935 _bو ي ن |
| 100 | 1 |
_926407 _aوينهايم، ليوا، _eمؤلف. |
|
| 245 | 1 | 0 |
_aبلاد ما بين النهرين / _cتأليف ليوا وينهايم ؛ ترجمة سعدي فيضي عبد الرزاق. |
| 250 | _aالطبعة الثانية. | ||
| 264 | 1 |
_aبغداد : _bدار الشؤون الثقافية العامة، وزارة الثقافة والإعلام، _c1986. |
|
| 300 |
_a514 صفحة ؛ _c24 سم |
||
| 336 |
_2rdacontent _aنص _btxt |
||
| 337 |
_aبدون وسيط _2rdamedia _bn |
||
| 338 |
_aمجلد _bnc _2rdacarrier |
||
| 504 | _aيشتمل على إرجاعات ببليوجرافية. | ||
| 546 | _aالنص باللغة العربية وتم ترجمته من اللغة الألمانية. | ||
| 651 | 7 |
_2BUEsh _aالعراق القديم _xتاريخ. |
|
| 653 | _cJuly2011 | ||
| 655 | _vReading book | ||
| 700 | 1 |
_926410 _aعبد الرازق، سعدي فيضي، _cمترجم. |
|
| 942 |
_2ddc _cBB |
||
| 999 |
_c15731 _d15731 |
||